La europa de hitler /
Guardado en:
| Autor Principal: | |
|---|---|
| Formato: | Libro |
| Publicado: |
Madrid :
Sarpe,
1985
|
| Series: | Biblioteca De La Historia ; 2
|
| Materias: | |
| Etiquetas: |
Agregar Etiqueta
Sin Etiquetas, Sea el primero en etiquetar este registro!
|
| LEADER | 00667nam a22002175a 4500 | ||
|---|---|---|---|
| 001 | EHU.bham024951 | ||
| 003 | AR-BHAM | ||
| 005 | 20130508104003.0 | ||
| 008 | 130507s1985##################000#0#####d | ||
| 082 | 9 | 4 | |a 943.086 |
| 100 | 1 | |a Toynbee, Arnold | |
| 245 | 1 | 0 | |a La europa de hitler / |c Arnold Toynbee |
| 260 | |a Madrid : |b Sarpe, |c 1985 | ||
| 300 | |a 464 p. | ||
| 490 | 0 | |a Biblioteca De La Historia ; 2 | |
| 500 | |a Trad. Por Pablo Uriarte | ||
| 653 | |a Hitler | ||
| 653 | |a Nazismo | ||
| 653 | |a Historia de europa-siglo 20 | ||
| 859 | |a AR-BHAM |b BIB. HUMANIDADES - General |h 943.086 |i T668 |p 1280.04 |t Ej.1 | ||
| 859 | |a AR-BHAM |b BIB. HUMANIDADES - General |h 943.086 |i T668 |p 696.02 |t Ej.1 | ||
